| 000 | 00653nam a2200229 a 4500 | ||
|---|---|---|---|
| 001 | 72346 | ||
| 003 | BD-RjUL | ||
| 005 | 20211209082241.0 | ||
| 008 | 170516s1968 n ||||| b||| 001 0 eng d | ||
| 035 | _a(BD-RjUL)72563 | ||
| 040 |
_aBD-RjUL _beng _cBD-RjUL _dBD-RjUL |
||
| 041 | _aeng | ||
| 082 |
_223 _a612.646 _bPAH 1968 |
||
| 100 | 1 | 0 |
_aPatten, Bradley M _9205314 |
| 245 | 1 | 0 |
_aHuman embryology / _cBradley M Patten |
| 250 | _a3rd ed. | ||
| 260 |
_aNew York : _bMcGRAW-Hill book com., _cc1968. |
||
| 300 |
_axvii, 651 p. : _bill. ; _c23 cm. |
||
| 504 | _aIncludes bibliography and index | ||
| 650 |
_aEmbryology _xHuman _9213957 |
||
| 942 |
_2ddc _cBK |
||
| 999 |
_c72346 _d72346 |
||